000 00543nam a22001577a 4500
999 _c12019
_d12019
008 190115b ||||| |||| 00| 0 eng d
020 _a971-542-294-2
082 _22001
_aDFil 899.211
_bP53
245 _aKudaman /
_cDamiana L. Eugenio (Compiler and Editor)
260 _aQuezon City:
_bUniversity of the Philippines Press,
_c2001
300 _aPages 141-169;
_c23 cm.
500 _aPhilippine Folk Literature: The Epics
650 _aEpic literature
_934101
650 _aPhilippine folk literature -- colllections
_934102
942 _2ddc
_cDFIL